000 00317nam a22001097a 4500
999 _c534778
_d534778
082 _a297.7
100 _aKandhalvi, Muhammad Zakariyya
245 _aFazail-e-Amaal /
_cMuhammad Zakariyya Kandhalvi
260 _aLahore :
_bKutab Khana Faizi.
942 _2ddc
_cBK